Statistics for Country Transits: European Countries Five Countries Away from Liechtenstein

Click here to take the quiz!

General Stats

  • This quiz has been taken 156 times
  • The average score is 7 of 8

Answer Stats

Country% Correct
Finland
94%
Greece
93%
Norway
92%
Latvia
91%
Estonia
89%
Sweden
89%
Albania
83%
Ireland
61%

Score Distribution

Percentile by Number Answered

Percent of People with Each Score

Your Score History

You have not taken this quiz